[Event "Women's Day Play Magnus"]
[Site "chess24.com INT"]
[Date "2021.03.07"]
[Round "2.1"]
[White "Congiu, Mathilde"]
[Black "February, Jesse Nikki"]
[Result "1-0"]
[WhiteElo "2220"]
[BlackElo "1824"]
[PlyCount "69"]
[EventDate "2021.03.07"]
[EventType "team-tourn (blitz)"]
[EventRounds "7"]
[EventCountry "GER"]
[SourceTitle "CBM 201 Extra"]
[Source "ChessBase"]
[SourceDate "2021.05.31"]
[SourceVersion "1"]
[SourceVersionDate "2021.05.31"]
[SourceQuality "1"]
[WhiteTeam "Chessable #2"]
[BlackTeam "CoChess #2"]
[WhiteTeamCountry "FRA"]
[BlackTeamCountry "DEN"]

1. e4 e6 2. d3 d5 3. Nd2 c5 4. Ngf3 Nc6 5. g3 Nf6 6. Bg2 Be7 7. 0-0 a6 8. Re1 Rb8 9. a4 0-0 10. e5 Nd7 11. Nf1 b5 12. axb5 axb5 13. h4 c4 14. N1h2 b4 15. Bf4 b3 16. c3 f6 17. exf6 Nxf6 18. Bxb8 Nxb8 19. dxc4 dxc4 20. Qxd8 Rxd8 21. Nd4 Kf7 22. Nhf3 Ng4 23. Bh3 h5 24. Bxg4 hxg4 25. Ne5+ Kg8 26. Nxc4 Bc5 27. Nxe6 Bxe6 28. Rxe6 Rf8 29. Ne3 Nd7 30. Rd1 Nf6 31. Re5 Bb6 32. Kg2 Ra8 33. Nc4 Bc7 34. Re7 Bd8 35. Rb7 1-0

[Event "Women's Day Play Magnus"]
[Site "chess24.com INT"]
[Date "2021.03.07"]
[Round "6.1"]
[White "Perez Rodriguez, Jennifer"]
[Black "Congiu, Mathilde"]
[Result "1/2-1/2"]
[WhiteElo "2251"]
[BlackElo "2220"]
[PlyCount "157"]
[EventDate "2021.03.07"]
[EventType "team-tourn (blitz)"]
[EventRounds "7"]
[EventCountry "GER"]
[SourceTitle "CBM 201 Extra"]
[Source "ChessBase"]
[SourceDate "2021.05.31"]
[SourceVersion "1"]
[SourceVersionDate "2021.05.31"]
[SourceQuality "1"]
[WhiteTeam "Brazil chess24"]
[BlackTeam "Chessable #2"]
[WhiteTeamCountry "BRA"]
[BlackTeamCountry "FRA"]

1. e4 Nc6 2. Nf3 d5 3. exd5 Qxd5 4. d4 Bg4 5. Be2 0-0-0 6. c4 Qa5+ 7. Bd2 Qh5 8. d5 Bxf3 9. Bxf3 Qe5+ 10. Qe2 Qxe2+ 11. Bxe2 Nd4 12. Bd1 Nf6 13. Nc3 e5 14. 0-0 Bc5 15. Be3 a5 16. Bg5 h6 17. Bxf6 gxf6 18. Ne4 Be7 19. Re1 f5 20. Ng3 Bf6 21. Bb3 e4 22. Rad1 h5 23. Rxd4 Bxd4 24. Nxf5 Bc5 25. Rxe4 Rde8 26. Rxe8+ Rxe8 27. Kf1 Re5 28. Nh4 Bd4 29. Nf3 Re4 30. Bc2 Rf4 31. b3 Bb6 32. Ke2 Kd7 33. g3 Rf6 34. Ne5+ Kd6 35. f4 Rh6 36. h4 Ke7 37. Kf3 Bd4 38. Nd3 b5 39. cxb5 Rd6 40. f5 Rxd5 41. Nf4 Rc5 42. Be4 Rc3+ 43. Kg2 Re3 44. Bf3 Be5 45. Nd5+ Kd6 46. Nxe3 Kc5 47. Bxh5 Kd4 48. Nf1 Kc3 49. Kf3 Kb2 50. g4 Kxa2 51. g5 Kxb3 52. g6 fxg6 53. fxg6 a4 54. Nd2+ Kc2 55. Ne4 a3 56. g7 Bxg7 57. Bf7 Kb2 58. Kg4 a2 59. Bxa2 Kxa2 60. Kf5 Kb3 61. Kg6 Bf8 62. Nf6 Kb4 63. Nd7 Bd6 64. b6 cxb6 65. h5 Bf4 66. Kf5 Be3 67. Kg6 b5 68. Ne5 Ka3 69. Ng4 Bc1 70. Ne5 b4 71. Nc4+ Ka4 72. h6 Kb5 73. Nd6+ Kc6 74. Ne4 Bxh6 75. Kxh6 Kd5 76. Nd2 Kd4 77. Nb3+ Kc3 78. Na5 b3 79. Nxb3 1/2-1/2

[Event "Barcelona Sants op 21st"]
[Site "Barcelona"]
[Date "2019.08.25"]
[Round "3"]
[White "Congiu, Mathilde"]
[Black "Cruz, Jonathan"]
[Result "0-1"]
[WhiteElo "2194"]
[BlackElo "2409"]
[PlyCount "74"]
[EventDate "2019.08.23"]
[EventType "swiss"]
[EventRounds "10"]
[EventCountry "ESP"]
[SourceTitle "EXT 2020"]
[Source "ChessBase"]
[SourceDate "2019.10.17"]
[SourceVersion "1"]
[SourceVersionDate "2019.10.17"]
[SourceQuality "1"]

1. e4 e5 2. Nf3 Nc6 3. Bc4 Nf6 4. d3 Be7 5. 0-0 d6 6. a4 0-0 7. Re1 Be6 8. Nbd2 a6 9. Nf1 Qd7 10. a5 Rad8 11. Bd2 h6 12. h3 Nd4 13. N1h2 c5 14. c3 Nc6 15. b4 cxb4 16. cxb4 d5 17. exd5 Bxd5 18. b5 axb5 19. Bxb5 e4 20. dxe4 Nxe4 21. Qc1 Nxd2 22. Qxd2 Qf5 23. Qe2 Bb4 24. Rec1 Nxa5 25. Ba4 Nc6 26. Bc2 Qf4 27. Qd3 g6 28. Qb5 Bc3 29. Rab1 Nd4 30. Qd3 Bc4 31. Qe4 Ne2+ 32. Kh1 Qxe4 33. Bxe4 Ba2 34. Ng4 h5 35. Ne3 Nxc1 36. Rxc1 Bd2 37. Ra1 Bxe3 0-1

[Event "BCF-chT1d 1718 (4NCL) Demotion pool"]
[Site "England"]
[Date "2018.05.06"]
[Round "10.55"]
[White "Blackburn, Jonathan LB"]
[Black "Congiu, Mathilde"]
[Result "0-1"]
[WhiteElo "2189"]
[BlackElo "2241"]
[PlyCount "80"]
[EventDate "2017.11.11"]
[EventType "team-swiss"]
[EventRounds "11"]
[EventCountry "ENG"]
[SourceTitle "EXT 2019"]
[Source "ChessBase"]
[SourceDate "2018.10.10"]
[SourceVersion "1"]
[SourceVersionDate "2018.10.10"]
[SourceQuality "1"]
[WhiteTeam "West is Best"]
[BlackTeam "3CS Oldham"]
[WhiteTeamCountry "ENG"]
[BlackTeamCountry "ENG"]

1. d4 Nf6 2. c4 g6 3. Nc3 Bg7 4. e4 d6 5. Bd3 0-0 6. Nge2 Nc6 7. 0-0 e5 8. d5 Nd4 9. f3 c5 10. Nxd4 exd4 11. Ne2 b5 12. cxb5 a6 13. a4 axb5 14. Bxb5 Ba6 15. Bxa6 Rxa6 16. b4 Qb6 17. bxc5 dxc5 18. Bf4 Nd7 19. Rc1 Rfa8 20. Rc4 Qa7 21. Qb1 Rxa4 22. Rxa4 Qxa4 23. Rd1 Qa6 24. Kf2 h5 25. h3 Ra7 26. g4 h4 27. Bg5 Rb7 28. Qc2 Qb6 29. f4 c4 30. Qxc4 d3+ 31. Kf1 dxe2+ 32. Kxe2 Rc7 33. Qa4 Rc3 34. f5 Qd6 35. Rf1 Qh2+ 36. Rf2 Qxh3 37. fxg6 Qxg4+ 38. Ke1 Qxg5 39. gxf7+ Kh7 40. e5 Qe3+ 0-1

[Event "BCF-chT1d 1718 (4NCL) Demotion pool"]
[Site "England"]
[Date "2018.05.05"]
[Round "9.55"]
[White "Congiu, Mathilde"]
[Black "Olson, Hamish"]
[Result "1-0"]
[WhiteElo "2241"]
[BlackElo "2233"]
[PlyCount "93"]
[EventDate "2017.11.11"]
[EventType "team-swiss"]
[EventRounds "11"]
[EventCountry "ENG"]
[SourceTitle "EXT 2019"]
[Source "ChessBase"]
[SourceDate "2018.10.10"]
[SourceVersion "1"]
[SourceVersionDate "2018.10.10"]
[SourceQuality "1"]
[WhiteTeam "3CS Oldham"]
[BlackTeam "Alba"]
[WhiteTeamCountry "ENG"]
[BlackTeamCountry "ENG"]

1. e4 e5 2. Nf3 Nc6 3. Bc4 Nf6 4. d3 Be7 5. 0-0 0-0 6. a4 d6 7. a5 a6 8. Re1 Be6 9. Nc3 h6 10. Nd5 Qd7 11. c3 Bxd5 12. exd5 Na7 13. Bb3 c6 14. dxc6 Nxc6 15. Bc2 Bd8 16. d4 e4 17. Bxe4 Nxe4 18. Rxe4 Nxa5 19. d5 b5 20. Nd4 Bb6 21. b3 Rfe8 22. Rxe8+ Qxe8 23. Be3 Qe4 24. Nf5 Bxe3 25. Nxe3 Nb7 26. b4 a5 27. Qe2 Qe8 28. g3 Rc8 29. bxa5 Ra8 30. Qg4 Rxa5 31. Rxa5 Nxa5 32. Nf5 Qe1+ 33. Kg2 Qe5 34. Nxh6+ Kh7 35. Nxf7 Qxd5+ 36. Qf3 Qxf3+ 37. Kxf3 Nb7 38. Ng5+ Kg6 39. Ne6 d5 40. Nf4+ Kf5 41. Nxd5 g5 42. Ne3+ Ke5 43. Kg4 Nd6 44. Kxg5 Ne4+ 45. Kg6 Nxc3 46. h4 Nd5 47. h5 1-0

[Event "Olympiad Women-42"]
[Site "Baku"]
[Date "2016.09.10"]
[Round "8.3"]
[White "Machlik, Edit"]
[Black "Congiu, Mathilde"]
[Result "1/2-1/2"]
[WhiteElo "2056"]
[BlackElo "2232"]
[PlyCount "68"]
[EventDate "2016.09.02"]
[EventType "team-swiss"]
[EventRounds "11"]
[EventCountry "AZE"]
[SourceTitle "CBM 174 Extra"]
[Source "ChessBase"]
[SourceDate "2016.10.10"]
[SourceVersion "1"]
[SourceVersionDate "2016.10.10"]
[SourceQuality "1"]
[WhiteTeam "Norway (W)"]
[BlackTeam "France (W)"]
[WhiteTeamCountry "NOR"]
[BlackTeamCountry "FRA"]

1. d4 Nf6 2. c4 e6 3. Nc3 Bb4 4. Qc2 b6 5. e4 c5 6. d5 Qe7 7. Be2 d6 8. h3 0-0 9. Nf3 Bxc3+ 10. bxc3 exd5 11. exd5 Re8 12. Be3 Ne4 13. 0-0 Ng3 14. Rfe1 Nxe2+ 15. Rxe2 Ba6 16. Nd2 Nd7 17. Rae1 Nf6 18. Qa4 Qb7 19. Qd1 h6 20. Bf4 Rxe2 21. Rxe2 Nxd5 22. cxd5 Bxe2 23. Qxe2 Qxd5 24. Nc4 Qf5 25. Bxd6 Rd8 26. Bg3 Qb1+ 27. Kh2 Rd1 28. Qe8+ Kh7 29. Bf4 Rh1+ 30. Kg3 Qg6+ 31. Kf3 Qh5+ 32. Kg3 Qg6+ 33. Kf3 Qh5+ 34. Kg3 Qg6+ 1/2-1/2

[Event "FRA-chT Top 12"]
[Site "Drancy"]
[Date "2016.06.07"]
[Round "11.8"]
[White "Congiu, Mathilde"]
[Black "Haussernot, Cecile"]
[Result "1-0"]
[WhiteElo "2267"]
[BlackElo "2087"]
[PlyCount "79"]
[EventDate "2016.05.28"]
[EventType "team-tourn"]
[EventRounds "11"]
[EventCountry "FRA"]
[SourceTitle "CBM 172 Extra"]
[Source "ChessBase"]
[SourceDate "2016.06.21"]
[SourceVersion "1"]
[SourceVersionDate "2016.06.21"]
[SourceQuality "1"]
[WhiteTeam "Bois Colombes"]
[BlackTeam "Montpellier"]
[WhiteTeamCountry "FRA"]
[BlackTeamCountry "FRA"]

1. e4 Nf6 2. e5 Nd5 3. Bc4 Nb6 4. Bb3 c5 5. c3 d5 6. exd6 e6 7. d4 c4 8. Bxc4 Nxc4 9. Qa4+ Qd7 10. Qxc4 Bxd6 11. Qe2 b6 12. Nf3 Ba6 13. c4 b5 14. c5 b4 15. Qd2 Bc7 16. Qxb4 0-0 17. Nc3 Nc6 18. Qa4 Bd3 19. Be3 Ba5 20. Rd1 Ba6 21. a3 Qb7 22. b4 Nxb4 23. axb4 Bxb4 24. Rc1 f5 25. c6 Qb6 26. d5 Bxc3+ 27. Rxc3 Qb1+ 28. Rc1 Qd3 29. Qd1 Qb5 30. d6 f4 31. d7 fxe3 32. fxe3 Rxf3 33. Qxf3 Qa5+ 34. Kf2 Qd2+ 35. Kg3 Rf8 36. Rhd1 Rxf3+ 37. gxf3 Qxe3 38. d8Q+ Kf7 39. Qc7+ Kg6 40. Qf4 1-0

[Event "FRA-chT Top 12"]
[Site "Drancy"]
[Date "2016.05.31"]
[Round "4.8"]
[White "Roumegous, Marina"]
[Black "Congiu, Mathilde"]
[Result "1/2-1/2"]
[WhiteElo "2117"]
[BlackElo "2267"]
[PlyCount "134"]
[EventDate "2016.05.28"]
[EventType "team-tourn"]
[EventRounds "11"]
[EventCountry "FRA"]
[SourceTitle "CBM 172 Extra"]
[Source "ChessBase"]
[SourceDate "2016.06.21"]
[SourceVersion "1"]
[SourceVersionDate "2016.06.21"]
[SourceQuality "1"]
[WhiteTeam "Drancy Cavalier Bleu"]
[BlackTeam "Bois Colombes"]
[WhiteTeamCountry "FRA"]
[BlackTeamCountry "FRA"]

1. d4 Nf6 2. Nf3 g6 3. c4 Bg7 4. Nc3 0-0 5. e4 d6 6. Be2 Nbd7 7. 0-0 e5 8. d5 a5 9. Ne1 Nc5 10. Qc2 Nfd7 11. Kh1 f5 12. exf5 gxf5 13. f4 Nf6 14. Nd3 Ng4 15. Nxc5 dxc5 16. g3 Qe7 17. h3 Nf6 18. fxe5 Qxe5 19. Bf4 Qe7 20. Nb5 Ne8 21. Bf3 Nd6 22. Rae1 Qd8 23. Re2 Re8 24. Rfe1 Rxe2 25. Rxe2 Bf8 26. a4 Bd7 27. Qd3 Rc8 28. b3 Qf6 29. Be5 Qh6 30. Bf4 Qf6 31. Kg2 Nxb5 32. axb5 Bd6 33. Qd2 b6 34. Bh5 Qg7 35. Qe3 Bxf4 36. Qxf4 Qf6 37. g4 Rf8 38. g5 Qd8 39. h4 Be8 40. Bf3 Qd7 41. Re6 Qg7 42. Re5 Bd7 43. Bh5 a4 44. bxa4 Ra8 45. Bd1 h6 46. Kf2 hxg5 47. Qxg5 Qxg5 48. hxg5 Kf7 49. Bh5+ Kf8 50. g6 f4 51. Bd1 Rd8 52. Kf3 Kg7 53. Bc2 Kf6 54. Kxf4 Rh8 55. g7 Rh4+ 56. Kf3 Rg4 57. Rh5 Rxg7 58. Rh4 Ke5 59. Re4+ Kf6 60. Bd3 Re7 61. Rf4+ Ke5 62. Bg6 Rg7 63. Re4+ Kd6 64. Be8 Bf5 65. Rh4 Rh7 66. Rxh7 Bxh7 67. Ke3 Bc2 1/2-1/2

[Event "BCF-chT1d 1516 (4NCL) Demotion pool"]
[Site "England"]
[Date "2016.03.20"]
[Round "8.155"]
[White "Willson, Ollie"]
[Black "Congiu, Mathilde"]
[Result "0-1"]
[WhiteElo "2029"]
[BlackElo "2274"]
[PlyCount "52"]
[EventDate "2015.11.14"]
[EventType "team-tourn"]
[EventRounds "4"]
[EventCountry "ENG"]
[SourceTitle "CBM 171 Extra"]
[Source "ChessBase"]
[SourceDate "2016.04.26"]
[SourceVersion "1"]
[SourceVersionDate "2016.04.26"]
[SourceQuality "1"]
[WhiteTeam "Sussex Martlets"]
[BlackTeam "3CS Oldham"]
[WhiteTeamCountry "ENG"]
[BlackTeamCountry "ENG"]

1. d4 Nf6 2. Nf3 g6 3. c4 Bg7 4. Nc3 0-0 5. e4 d6 6. Be3 c5 7. d5 e6 8. h3 b5 9. cxb5 exd5 10. exd5 Nbd7 11. Nd2 Re8 12. Be2 Nb6 13. Nc4 Nxc4 14. Bxc4 Ne4 15. 0-0 Nxc3 16. bxc3 Qh4 17. Bd3 Bxh3 18. gxh3 Qxh3 19. Bf4 Be5 20. Qd2 Qg4+ 21. Bg3 Bxg3 22. fxg3 Qxg3+ 23. Qg2 Qxd3 24. Rf3 Qxd5 25. Raf1 Re5 26. Qf2 Rf8 0-1

[Event "Andorra op 33rd"]
[Site "La Massana"]
[Date "2015.07.26"]
[Round "9"]
[White "Congiu, Mathilde"]
[Black "Aloma Vidal, Roberto"]
[Result "0-1"]
[WhiteElo "2303"]
[BlackElo "2451"]
[PlyCount "112"]
[EventDate "2015.07.18"]
[EventType "swiss"]
[EventRounds "9"]
[EventCountry "AND"]
[SourceTitle "CBM 167 Extra"]
[Source "ChessBase"]
[SourceDate "2015.09.14"]
[SourceVersion "1"]
[SourceVersionDate "2015.09.14"]
[SourceQuality "1"]

1. e4 c5 2. Nf3 e6 3. d4 cxd4 4. Nxd4 a6 5. Bd3 Nf6 6. 0-0 e5 7. Nf3 d6 8. c4 Be7 9. Nc3 0-0 10. h3 Be6 11. Re1 Nc6 12. Nd5 Nd7 13. Nxe7+ Qxe7 14. Nh2 Nc5 15. Nf1 Nb4 16. Bb1 Bxc4 17. Ne3 Be6 18. Nd5 Bxd5 19. exd5 a5 20. a3 Nba6 21. Bc2 Qh4 22. Be3 f5 23. b4 axb4 24. axb4 Qxb4 25. Qh5 g6 26. Qg5 Qb6 27. g4 e4 28. gxf5 Rxf5 29. Qg2 Qc7 30. Bxc5 Qxc5 31. Bxe4 Rf6 32. Re3 Raf8 33. Bf3 Nb4 34. Raa3 Nc2 35. Rec3 Qxa3 36. Rxa3 Nxa3 37. Bg4 Nc4 38. Qe4 b5 39. Be2 Ne5 40. Qb4 Rxf2 41. Qxb5 h5 42. Qa6 h4 43. Qb5 Nf3+ 44. Bxf3 R2xf3 45. Qe2 Rf1+ 46. Kg2 R1f2+ 47. Qxf2 Rxf2+ 48. Kxf2 Kf7 49. Ke3 Kf6 50. Kf4 g5+ 51. Ke4 Kg6 52. Ke3 Kf5 53. Kf3 Ke5 54. Kg4 Kf6 55. Kh5 Kf5 56. Kh6 g4 0-1

[Event "Andorra op 33rd"]
[Site "La Massana"]
[Date "2015.07.20"]
[Round "3"]
[White "Congiu, Mathilde"]
[Black "Jerez Perez, Alfonso"]
[Result "1-0"]
[WhiteElo "2303"]
[BlackElo "2406"]
[PlyCount "59"]
[EventDate "2015.07.18"]
[EventType "swiss"]
[EventRounds "9"]
[EventCountry "AND"]
[SourceTitle "CBM 167 Extra"]
[Source "ChessBase"]
[SourceDate "2015.09.14"]
[SourceVersion "1"]
[SourceVersionDate "2015.09.14"]
[SourceQuality "1"]

1. e4 e6 2. d4 d5 3. Nd2 Nc6 4. Ngf3 Nf6 5. e5 Nd7 6. Nb3 Be7 7. Bb5 a5 8. a4 0-0 9. 0-0 Nb6 10. c3 Bd7 11. Nc5 Ra7 12. Re1 Nb8 13. Bd3 Bc6 14. Bc2 Na6 15. Nd3 Bd7 16. Nf4 c5 17. Nh5 g6 18. Qd2 f5 19. exf6 Bxf6 20. Qh6 Qe7 21. Nxf6+ Qxf6 22. dxc5 Nc8 23. Be3 Qg7 24. Qxg7+ Kxg7 25. c6 bxc6 26. Bxa7 Nxa7 27. Ne5 Be8 28. Bd3 Nc5 29. b4 Nb7 30. b5 1-0

[Event "Montcada op 23rd"]
[Site "Montcada"]
[Date "2015.06.29"]
[Round "5"]
[White "Congiu, Mathilde"]
[Black "Panelo Munoz, Marcelo A"]
[Result "1/2-1/2"]
[WhiteElo "2300"]
[BlackElo "2418"]
[PlyCount "110"]
[EventDate "2015.06.25"]
[EventType "swiss"]
[EventRounds "9"]
[EventCountry "ESP"]
[SourceTitle "CBM 167 Extra"]
[Source "ChessBase"]
[SourceDate "2015.09.14"]
[SourceVersion "1"]
[SourceVersionDate "2015.09.14"]
[SourceQuality "1"]

1. e4 c5 2. Nf3 d6 3. Bb5+ Bd7 4. Bxd7+ Qxd7 5. c4 g6 6. d4 cxd4 7. Nxd4 Nf6 8. Nc3 Bg7 9. b3 Nc6 10. Bb2 0-0 11. 0-0 e6 12. Qd2 Rfd8 13. Rfd1 a6 14. f3 Nxd4 15. Qxd4 b5 16. cxb5 axb5 17. Qf2 b4 18. Na4 Qb5 19. Rd2 d5 20. Rad1 h6 21. exd5 Rxd5 22. Rxd5 Nxd5 23. Bxg7 Kxg7 24. Rc1 Qd3 25. Nc5 Qf5 26. Ne4 Qe5 27. g3 Rd8 28. Re1 Rc8 29. Nd2 Qc3 30. Nc4 Ra8 31. Rd1 Qf6 32. Kg2 h5 33. h4 Kg8 34. Kh2 Nc3 35. Rd2 Qf5 36. Nb6 Ra6 37. Nd7 Ra8 38. Qd4 Nd5 39. Nb6 Nxb6 40. Qxb6 Qxf3 41. Qxb4 e5 42. Qc4 e4 43. Qe2 Qf5 44. Qe3 Rc8 45. Rf2 Qe5 46. Re2 f5 47. Qg5 Qe6 48. b4 Kg7 49. b5 Rc4 50. b6 Rb4 51. Rc2 Rc4 52. Rxc4 Qxc4 53. Qe7+ Kh6 54. Qg5+ Kg7 55. Qe7+ Kh6 1/2-1/2

[Event "Montcada op 23rd"]
[Site "Montcada"]
[Date "2015.06.28"]
[Round "4"]
[White "Congiu, Mathilde"]
[Black "Perpinya Rofes, Lluis Maria"]
[Result "0-1"]
[WhiteElo "2300"]
[BlackElo "2398"]
[PlyCount "78"]
[EventDate "2015.06.25"]
[EventType "swiss"]
[EventRounds "9"]
[EventCountry "ESP"]
[SourceTitle "CBM 167 Extra"]
[Source "ChessBase"]
[SourceDate "2015.09.14"]
[SourceVersion "1"]
[SourceVersionDate "2015.09.14"]
[SourceQuality "1"]

1. e4 d6 2. d4 g6 3. Nc3 Bg7 4. f4 Nf6 5. Nf3 0-0 6. Bd3 Na6 7. 0-0 c5 8. Kh1 cxd4 9. Nxd4 Nc5 10. Nb3 Nxd3 11. Qxd3 b6 12. Be3 Bb7 13. Bd4 Rc8 14. a4 Qc7 15. a5 e5 16. axb6 axb6 17. Bg1 exf4 18. Rxf4 d5 19. e5 Qxe5 20. Raf1 Ne4 21. Bd4 Qe6 22. Bxg7 Kxg7 23. Nd4 Qe5 24. Qe3 Rce8 25. Nxe4 dxe4 26. Rh4 Kh8 27. Rhf4 Kg7 28. Rh4 Kg8 29. Rhf4 f5 30. Qb3+ Bd5 31. Qe3 Bc4 32. Re1 g5 33. Rf2 f4 34. Qc3 Rc8 35. Rd2 e3 36. Rdd1 g4 37. Qa3 e2 38. Ra1 Qxd4 39. Qe7 Rce8 0-1

[Event "Montcada op 23rd"]
[Site "Montcada"]
[Date "2015.06.26"]
[Round "2"]
[White "Congiu, Mathilde"]
[Black "Lalic, Bogdan"]
[Result "1/2-1/2"]
[WhiteElo "2300"]
[BlackElo "2483"]
[PlyCount "70"]
[EventDate "2015.06.25"]
[EventType "swiss"]
[EventRounds "9"]
[EventCountry "ESP"]
[SourceTitle "CBM 167 Extra"]
[Source "ChessBase"]
[SourceDate "2015.09.14"]
[SourceVersion "1"]
[SourceVersionDate "2015.09.14"]
[SourceQuality "1"]

1. e4 c5 2. Nf3 d6 3. d4 cxd4 4. Nxd4 Nf6 5. Nc3 g6 6. Be3 Bg7 7. f3 Nc6 8. Qd2 0-0 9. g4 Be6 10. 0-0-0 Nxd4 11. Bxd4 Qa5 12. Kb1 Rfc8 13. g5 Nh5 14. Bxg7 Kxg7 15. f4 Rxc3 16. Qxc3+ Qxc3 17. bxc3 Nxf4 18. Rg1 Rc8 19. Kb2 Rc5 20. Rd4 h6 21. h4 f6 22. Rb4 b6 23. Rb5 Rc7 24. Rg3 Bf7 25. a4 Be8 26. Rb4 Rc5 27. Rc4 Rxc4 28. Bxc4 Bxa4 29. Rg4 hxg5 30. hxg5 fxg5 31. Rxg5 Kf6 32. Rg1 Bd7 33. Kc1 Bc6 34. Bd3 Bxe4 35. Rf1 Bxd3 1/2-1/2